00847nam a2200181Ia 4500008004100000040001800041041000800059100003400067245011600101260004100217300001800258490014400276611006100420611006100481650003900542650003100581700005300612130821s1927 fr gr fre  aCo-BoUCMbspa00afre1 aScott, James Brownd1866-194314aLes conférences de la paix de La Haye de 1899 et 1907cJames Brown Scott, traducción francesa de Lapradelle aParís (Francia)bA. Pédonec1927 a794 páginas 0aPublications de la Dotation Carnegie pour la Paix Internationale.pDivision de Droit International, Washington.pSérie Françaisevno. 120aConferencia Internacional de Pazn1d1899cHaya, Holanda20aConferencia Internacional de Pazn1d1907cHaya, Holanda04aPazvCongresos, conferencias, etc.04aRelaciones internacionales1 aLapradelle, Albert Geouffre ded1871-1955etrad.